000 00382nam a22001337a 4500
082 _a894.812
_bPOU/S
100 _aPOULOSE, K G(EDI)
245 _aSASTHRAM INDIAYIL:CHARITHRAVUM VARTHAMANAVUM
246 _aSASTHRAM INDIAYIL:CHARITHRAVUM VARTHAMANAVUM
_bSASTHRAM INDIAYIL:CHARITHRAVUM VARTHAMANAVUM
260 _aTHRISSUR
_bKSSP
_c2023
300 _a288
650 _aG K
942 _cBK
999 _c9128
_d9128